Fixed-term contracts in EC countries.
Prírastok zamestnanosti na základe zmlúv na dobu určitú v európskych krajinách v rokoch osemdesiatych. Novelizácia súvisiacich predpisov v krajinách EHS na uľahčenie uzatvárania takýchto zmlúv. Hodnotenie tohoto vývoja z hospodárskeho hľadiska.
Na minha lista:
| Autor principal: | |
|---|---|
| Formato: | Capítulo de Livro |
| Idioma: | inglês |
| Assuntos: | |
| Tags: |
Sem tags, seja o primeiro a adicionar uma tag!
|
MARC
| LEADER | 00000naa a2200000 4500 | ||
|---|---|---|---|
| 001 | r003346 | ||
| 005 | 20221130103326.1 | ||
| 041 | 0 | |a eng | |
| 044 | |a DE | ||
| 245 | 1 | 0 | |a Fixed-term contracts in EC countries. |c U. Walwei |
| 520 | |a Prírastok zamestnanosti na základe zmlúv na dobu určitú v európskych krajinách v rokoch osemdesiatych. Novelizácia súvisiacich predpisov v krajinách EHS na uľahčenie uzatvárania takýchto zmlúv. Hodnotenie tohoto vývoja z hospodárskeho hľadiska. | ||
| 610 | 2 | 0 | |a zamestnanosť |
| 610 | 2 | 0 | |a zmluvy pracovné |
| 610 | 2 | 0 | |a predpisy právne |
| 610 | 2 | 0 | |a Európske spoločenstvá |
| 100 | 1 | |a Walwei, U. | |